Statistiche per Quiz di cultura generale - #6

Clicka qui per fare il quiz!

Statistiche generali

  • Questo quiz è stato fatto 10.722 volte
  • Il punteggio medio è 9 su 20

Statistiche sulle risposte

DomandaRisposta% Corretto
Di quale paese era regina Nefertiti?Egitto
90%
Fu capitale d'Italia dopo TorinoFirenze
83%
Città natale di GesùBetlemme
81%
Qual è l’unica disciplina olimpica di lancio dove i partecipanti cominciano correndo ?Giavellotto
65%
Quale città si vede ne "Le avventure di Peter Pan?"Londra
65%
Capitale del MaroccoRabat
62%
Chi era la seconda moglie di Enrico VIII?Anna Bolena
59%
Quale resina fossilizzata usavano Greci e Romani per fare giolielli?Ambra
46%
"Regalo" in franceseCadeau
45%
In quale nazione nacque il buddismo?Nepal
37%
Nome (latino) del procedimento che porta all'approvazione di una leggeIter legis
35%
Numero di articoli di cui è composta la Costituzione Italiana139
33%
Nome dell'uomo nella copertina del quizAristotele
28%
Cosa indica la sigla GPL?Gas di Petrolio Liquefatti
28%
Dove si sono svolte le Olimpiadi Invernali del 2014? (Città)Soči
24%
Quale personaggio televisivo ha dato fama a Kabir Bedi?Sandokan
23%
La gipsoteca è una raccolta di….Sculture
19%
Chi ha composto le "Rapsodie ungheresi"?Franz Liszt
11%
Nome con cui è conosciuto il Gran Premio Internazionale della TV?Telegatto
11%
Qual è stato il primo successo dei Beatles?Love me do
9%

Distribuzione punteggi

Percentile per numero di risposta

Percentuale di utenti per punteggio

I tuoi punteggi nel tempo

Non hai fatto questo quiz